Automata theory /

Guardado en:
Autor Corporativo: International Spring School of Physics Ravello, Italia)
Otros Autores: Caianiello, Eduardo R., 1921- (Editor )
Formato: Libro
Idioma:English
French
Publicado: New York : Academic Press, 1966.
Etiquetas: Agregar Etiqueta
Sin Etiquetas, Sea el primero en etiquetar este registro!
LEADER 00870cam a22002175 4500
001 MAT.inmabb001808
008 780418s1966####nyua#####b####101#0#eng#d
005 20160602165803.0
245 1 0 |a Automata theory /  |c edited by E. R. Caianiello. 
260 |a New York :  |b Academic Press,  |c 1966. 
300 |a xiv, 342 p. :  |b il. ;  |c 24 cm. 
500 |a Artículos basados en conferencias pronunciadas durante la 6th International School of Physics, 14-30 de junio de 1964, en Ravello, Italia. 
546 |a Textos en inglés y francés. 
504 |a Incluye referencias bibliográficas. 
510 4 |a MR,  |c 33 #3855 
111 2 |a International Spring School of Physics  |n (6ª :  |d 1964 :  |c Ravello, Italia) 
700 1 |a Caianiello, Eduardo R.,  |d 1921-  |4 edt 
084 |a 68Qxx (68-06)  |2 msc2000 
010 |a  65022775  
041 0 |a eng  |a fre 
859 |h 68  |i In61-1964  |p A-3288  |b BIB. MATEMATICA